Jorge Julio López : memoria escrita /

"Pastor: te dejo esta carta para ver si algún día podés hacer justicia. Firmado: Jorge López detenido-desaparecido. Estos crímenes no vencen nunca." Esta fue la carta que recibió Jorge Pastor Asuaje junto con los escritos y dibujos con los que Jorge Julio López testimonió su padecimiento m...

Descripción completa

Guardado en:
Autor Principal: Caterbetti, Jorge; comp.
Formato: Libro
Idioma:Undetermined
Publicado: Buenos Aires : Marea, 2023.
Edición:1a ed.
Series:Identidades bonaerenses
Historia urgente ; 36
Materias:
Etiquetas: Agregar Etiqueta
Sin Etiquetas, Sea el primero en etiquetar este registro!
LEADER 02407nam a22003135a 4500
001 CEM.cems024874
008 250821s2023####ag############000#0#und#d
005 20250829105134.0
245 1 0 |a Jorge Julio López :  |b memoria escrita /  |c Compilado por Jorge Caterbetti. 
250 |a 1a ed. 
260 |a Buenos Aires :  |b Marea,  |c 2023. 
300 |a 163 p. 
490 1 |a Identidades bonaerenses 
490 1 |a Historia urgente ;  |v 36 
500 |a Edición especial de la Dirección de Cultura y Educación de la Provincia de Buenos Aires. 
500 |a Sugerencia de edad: a A partir de ciclo orientado. Requiere acompañamiento docente. 
505 0 |a Memoria escrita / Jorge Caterbetti -- Lo que el pueblo tiene que saber / Jorge Pastor Asuaje -- Variaciones sobre López / Hernán Brienza -- El terror que llevamos dentro / Daniel Feierstein -- Archivo negro -- Nota del editor -- Transcripción de los originales de Jorge Julio López -- Selección de fragmentos de las declaraciones de Jorge Julio López -- Memoria escrita -- Arte para no olvidar / Marcela Gené -- La obra de Jorge Caterbetti. Un recorrido por la memoria / Cecilia Rabossi 
520 |a "Pastor: te dejo esta carta para ver si algún día podés hacer justicia. Firmado: Jorge López detenido-desaparecido. Estos crímenes no vencen nunca." Esta fue la carta que recibió Jorge Pastor Asuaje junto con los escritos y dibujos con los que Jorge Julio López testimonió su padecimiento mientras estuvo secuestrado durante la última dictadura militar. Luego de su segunda desaparición, en 2006, los papeles cobraron valor de prueba contra sus captores. El artista conceptual Jorge Caterbetti los intervino en este libro, informativo y poético a la vez, construyendo un homenaje a su vida y su lucha. Jorge Julio López, el hombre que desapareció dos veces. El testigo sin miedo. Esta es su historia. 
020 |a 9789878230061 
100 1 |a Caterbetti, Jorge; comp. 
653 |a Crónica 
653 |a Derechos Humanos 
653 |a Dictadura argentina 
653 |a Historia argentina-1976-1983 
653 |a Identidades bonaerenses 
859 |a CEMS  |b BIB. CEMS - Agricultura  |h 364.15  |i C359  |p A4005.25  |t Ej.1 
859 |a CEMS  |b BIB. CEMS - Ccias. Educacion  |h 364.15  |i C359  |k CE  |p 30246.25  |t Ej.1 
859 |a CEMS  |b BIB. CEMS - 11 de abril  |h 364.15  |i C359  |p 30244.25  |t Ej.1 
859 |a CEMS  |b BIB. CEMS - 11 de abril  |h 364.15  |i C359  |p 30245.25  |t Ej.2